Vidiek v sociálnej sieti

Agrárna nezamestnanosť. Problémové regióny s vysokou mierou globálnej nezamestnanosti. Trend obyvateľov vidieka k samozásobiteľskému správaniu - zdravotné, hygienické a ekologické bariéry. Migrácia obyvateľov za prácou. Rastúca sociálna diferenciácia - fenomén chudoby. Regresný vývoj malých vidiecky...

ver descrição completa

Na minha lista:
Detalhes bibliográficos
Autor principal: Buchta, Stanislav
Formato: Capítulo de Livro
Idioma:eslovaco
Assuntos:
Tags: Adicionar Tag
Sem tags, seja o primeiro a adicionar uma tag!

MARC

LEADER 00000naa a2200000 4500
001 r018413
005 20221213100017.2
041 0 |a slo 
044 |a SK 
245 1 0 |a Vidiek v sociálnej sieti  |c Stanislav Buchta 
520 |a Agrárna nezamestnanosť. Problémové regióny s vysokou mierou globálnej nezamestnanosti. Trend obyvateľov vidieka k samozásobiteľskému správaniu - zdravotné, hygienické a ekologické bariéry. Migrácia obyvateľov za prácou. Rastúca sociálna diferenciácia - fenomén chudoby. Regresný vývoj malých vidieckych sídel. 
610 2 0 |a Slovensko 
610 2 0 |a 1994 
610 2 0 |a pôdohospodárstvo 
610 2 0 |a vidiek 
610 2 0 |a chudoba 
610 2 0 |a úroveň životná 
610 2 0 |a nezamestnanosť 
610 2 0 |a migrácia 
100 1 |a Buchta, Stanislav